| 000 | 01071cab a2200217 4500 | ||
|---|---|---|---|
| 001 | ABS37696 | ||
| 008 | 090401t1987 xxu||||| |||| 00| 0 eng d | ||
| 035 | _a(Sirsi) u6248 | ||
| 041 | _aeng | ||
| 100 | _aWhite, P. | ||
| 245 | _aNor lose the common touch: the fight for the land | ||
| 260 | _c1987 | ||
| 350 | _a0 | ||
| 490 |
_aSurveyor _v(Public Works Weekly) 168(4942) 30 April 1987, 12- |
||
| 520 | _aSince the closure of the Common Land Register in 1970, the amount of common land still left in England and Wales has gradually disappeared. The future, however, does not look so bleak after the Government responded favourably to the Common Land Forum report on safe-guarding common land. This article begins by reviewing the effectiveness of past legislation, before looking at how new legislation might effect the future of common land. Also considers the role of local authorities in establishing management schemes. | ||
| 650 | _aCOMMONS REGISTRATION ACT 1965 | ||
| 650 | _aCOUNTRYSIDE COMMISSION | ||
| 690 | _aLAND | ||
| 942 | _n0 | ||
| 948 | _c04/03/1997 | ||
| 999 |
_c3758 _d3758 |
||